| 000 | 01027 a2200241 4500 | ||
|---|---|---|---|
| 003 | Nust | ||
| 005 | 20221229173341.0 | ||
| 010 | _a 2001026643 | ||
| 020 | _a0471127043 (cloth : alk. paper) | ||
| 040 | _cNust | ||
| 082 | 0 | 0 | _a621.395 |
| 100 | 1 |
_aUyemura, John P. _9106440 |
|
| 245 | 1 | 0 |
_aIntroduction to VLSI circuits and systems (Include CD) / _cJohn P. Uyemura. |
| 260 |
_aNew York : _bJ. Wiley, _cc2002. |
||
| 300 |
_axii, 642 p. : _bill. ; _c26 cm. + _e1 computer optical disc (4 3/4 in.) |
||
| 505 | _aAn Overview of VLSI (Page-1), Part 1: Silicon Logic (Page-15), Part 2: The Logic Electronic Interface (Page-191), Part 3: The Design of VLSI Systems (Page-371). | ||
| 650 | 0 | _aDigital electronics. | |
| 650 | 0 |
_aIntegrated circuits _xVery large scale integration. _92955 |
|
| 651 |
_a(Include CD) _98953 |
||
| 856 | 4 | 2 |
_3Publisher description _uhttp://www.loc.gov/catdir/description/wiley036/2001026643.html |
| 856 | 4 | 2 |
_3Table of Contents _uhttp://www.loc.gov/catdir/toc/onix07/2001026643.html |
| 942 |
_2ddc _cBK |
||
| 999 |
_c183950 _d183950 |
||